| 000 | 00918nam a2200229Ii 4500 | ||
|---|---|---|---|
| 003 | JO-AjNU | ||
| 008 | 230605s9999||||xx |||||||||||||| ||und|| | ||
| 017 | _a2008/2/415 | ||
| 020 | _a978-9957-07-571-3 | ||
| 040 |
_aJO-AjNU _bara _erda _cJO-AjNU |
||
| 041 | _aara | ||
| 050 | 1 | 4 | _aLC4802.E3812 2009 |
| 100 | 3 |
_aروزنبرج،مايكل تأليف/ويلسون،ريتش م.مشارك/ماهيدي،لاري م.مشارك/سندريلا،بول م.مشارك, _eauthor _923140 |
|
| 245 | 0 | 0 | _aتعليم الأطفال والمراهقين ذوي الإضطرابات السلوكية |
| 250 | _aط2 | ||
| 264 | 3 | 1 | _aعمان:دار الفكر،2009 |
| 300 | _a517ص | ||
| 336 |
_atext _btxt _2rdacontent |
||
| 337 |
_aunmediated _bn _2rdamedia |
||
| 338 |
_avolume _bnc _2rdacarrier |
||
| 650 | 4 |
_aالأطفال المعاقين-المراهقون-التعليم الخاص-إضطرابات شخصية _923141 |
|
| 999 |
_aA8325 _c11893 _d11893 |
||